Alegato de buena prueba presentado por los patronos de la Casa Provincial de Caridad de Barcelona, en el pleito que se sigue sobre nulidad o rescisión del contrato de establecimiento de la Plaza de Toros de dicha ciudad y terrenos anexos con los actuales poseedores de los mismos y con los eviccionarios
MARC
| LEADER | 00000nam a2200000Ia 4500 | ||
|---|---|---|---|
| 001 | 10038 | ||
| 008 | 160829s1874 xx 000 0 cat d | ||
| 080 | |a M-3-346 | ||
| 110 | |a Casa de Caritat (Barcelona, Catalunya) |9 52406 | ||
| 245 | |a Alegato de buena prueba presentado por los patronos de la Casa Provincial de Caridad de Barcelona, en el pleito que se sigue sobre nulidad o rescisión del contrato de establecimiento de la Plaza de Toros de dicha ciudad y terrenos anexos con los actuales poseedores de los mismos y con los eviccionarios | ||
| 260 | |a Barcelona . (Imp. de la Casa Caridad), |c 1874 | ||
| 300 | |a 96 p. ; |c 26 cm | ||
| 590 | |a Prové de 4653 i de 3568. | ||
| 590 | |a Hi ha un duplicat a: DUP-48 | ||
| 650 | |a Plaça de Toros (Barcelona) |x Processos, litigis, etc. |9 42525 | ||
| 650 | |a Casa de Caritat (Barcelona) |x Processos, litigis, etc. |9 45193 | ||
| 710 | |a Casa de Caritat (Barcelona, Catalunya) |9 52406 | ||
| 901 | |a Arxiu | ||
| 942 | |n 1 | ||
| 952 | |0 0 |1 0 |4 0 |6 M3346 |7 1 |9 54692 |a Arxiu |b Arxiu |d 2016-12-01 |l 0 |o M-3-346 |p 10038 |r 2016-12-01 00:00:00 |w 2016-12-01 |y ARXIU | ||
| 999 | |c 58561 |d 58561 | ||